Η γυναίκα της άμμου

Αποθηκεύτηκε σε:
Λεπτομέρειες βιβλιογραφικής εγγραφής
Κύριος συγγραφέας: Abe, Kobo 1924-1993
Μορφή: Βιβλίο
Γλώσσα:Greek
Japanese
Δημοσίευση: Αθήνα : Άγρα, c2004
Θέματα:
Ετικέτες: Προσθήκη ετικέτας
Δεν υπάρχουν, Καταχωρήστε ετικέτα πρώτοι!

MARC

LEADER 00000nam a2200000 i 4500
001 1/57116
008 140926s2004 gre d
020 |a 960-325-548-3 
035 |l 10119295 
040 |a GR-MY-UA  |b gre  |e aacr 
041 1 |a gre  |h jpn 
082 0 |a 895.63  |2 (23) 
100 1 |a Abe, Kobo  |d 1924-1993. 
245 1 2 |a Η γυναίκα της άμμου /  |c Kobo Abe ; μετάφραση από τα ιαπωνικά Στέλιος Παπαλεξανδρόπουλος 
260 |a Αθήνα :   |b Άγρα,   |c c2004 
300 |a 274 σ.;  |c 21 εκ. 
500 |a Τίτλος πρωτοτύπου Suna no onna 
650 0 0 |a Japanese, Fiction  |y 20th century. 
852 |a INST  |b SYROS  |e 20140926  |h 895.63 ABE  |p 005500012453  |q 005500012453  |t BK  |y 0 
901 |a BIBL5-2014-3 
909 |a Ε  |b 190051 
922 |a 5ΕΛΗ  |b 201407  |c ΒΙΒΛΙΟΘΗΚΗ ΣΥΡΟΥ  |d Π. ΙΩΑΝΝΙΔΟΥ 
970 |a ΚΟΝΤΟΥ  |b ΠΑΡΑΣΚΕΥΗ  |z 2014/09/26